Quiz sur la coupe du monde de football#2 - Statistiques

Statistiques générales
  • Ce quiz a été pris 177 fois
  • Le résultat moyen est 6 sur 15
Statistiques - réponses
Question Réponse % Correct
Lequel de ces pays n'a jamais joué une finale de Coupe du Monde? Portugal
87%
En 2014, quelle équipe a fini à la 1ère place du "groupe de la mort" ? Costa Rica
63%
Tout supporter tricolore se souvient du "Second poteau Pavard" du commentateur Grégoire Margotton, lors du huitième France-Argentine 2018. Mais quelle fut sa phrase marquante de la demi-finale, remportée par les Bleus 1-0 face à la Belgique, lors du but de Samuel Umtiti? "Il en suffira d'une"
61%
Quelle fut la réaction de la presse brésilienne, au lendemain de l'humiliation subie par le Brésil face à l'Allemagne en demi-finale de la coupe du monde 2014 (7-1) ? Noter tous les joueurs à 0/10
55%
En 2002, après une qualification controversée face à l'Italie, la Corée du Sud triomphe une nouvelle fois d'un grand adversaire en quarts, lors d'un match tout aussi étrange, avec de nombreux buts injustement refusés à l'adversaire. Quel était cet adversaire? Espagne
46%
France-Brésil, demi-finale de la Coupe du Monde 1958. Alors que le score est de 1-1, quel événement va quasiment annihiler les chances françaises de battre le Brésil? Le capitaine et patron de la défense française, Robert Jonquet, se fracture le péroné. La France se retrouve à 10, les changements n'étant pas autorisés à cette époque
44%
L'affiche de la finale 1954, RFA-Hongrie (3-2), n'était pas un match inédit dans cette coupe du monde; en effet, ces deux équipes s'étaient déjà affrontées en poules. Quel a été le score de ce match? Hongrie 8-3 RFA
40%
En quarts de finale de la coupe du monde 1998, quel joueur a délivré, de sa moitié de terrain, une sublime ouverture pour Dennis Bergkamp, lui permettant d'insrcrire le but victorieux contre l'Argentine? Frank de Boer
39%
Question facile pour terminer... auquel de ces virtuoses brésiliens manque-t-il un des trois trophées les plus prestigieux du monde du football, à savoir la Coupe du Monde, la Ligue des Champions et le Ballon d'Or? Ronaldo
36%
Quel est le meilleur buteur sur un seul match de coupe du monde? Oleg Salenko
34%
Quelle fut la une du quotidien sportif L'Equipe, au lendemain de la défaite de la France en finale de la coupe du monde 2006 face à l'Italie? "Regrets éternels"
34%
Lors de la finale de la coupe du monde 1994, Roberto Baggio, le génie italien, expédie son tir au but au-dessus de la barre de Claudio Taffarel, offrant ainsi sa 4ème coupe du monde au Brésil. Il ne fut cependant pas le seul italien à manquer son tir. Lequel de ces 4 joueurs avait réussi sa tentative? Demetrio Albertini
30%
Quel gardien détient le record du plus grand nombre d'arrêts effectués en un seul match de coupe du Monde? Tim Howard, USA 1-2 Belgique (2014)
28%
Il aurait pu...lors de la finale de la coupe du monde 1978, alors que le score est de 1-1 entre l'Argentine et les Pays-Bas, quel joueur néerlandais a vu sa frappe détournée par le poteau dans les arrêts de jeu, passant ainsi à quelques centimètres d'offrir la Coupe du monde à son pays? Rob Rensenbrink
23%
Lequel de ces joueurs allemands a marqué lors de 2 finales différentes? Paul Breitner
13%
Aucun quiz correspondant
Distribution des résultats
% des personnes avec chaque résultat
Percentile par nombre de réponses
Votre historique - résultats
Vous n’avez pas pris ce quiz